Transformations : Baroque and Rococo in the age of absolutism and the Church Triumphant (Record no. 10509)
[ view plain ]
| 000 -LEADER | |
|---|---|
| fixed length control field | 00356nam a2200121Ia 4500 |
| 008 - FIXED-LENGTH DATA ELEMENTS--GENERAL INFORMATION | |
| fixed length control field | 220318s9999 xx 000 0 und d |
| 020 ## - INTERNATIONAL STANDARD BOOK NUMBER | |
| International Standard Book Number | 9781138038950 |
| 082 ## - DEWEY DECIMAL CLASSIFICATION NUMBER | |
| Classification number | 724.16 |
| 100 ## - MAIN ENTRY--PERSONAL NAME | |
| Personal name | Tadgell, Christopher, 1939- |
| 245 #0 - TITLE STATEMENT | |
| Title | Transformations : Baroque and Rococo in the age of absolutism and the Church Triumphant |
| 260 ## - PUBLICATION, DISTRIBUTION, ETC. (IMPRINT) | |
| Place of publication, distribution, etc | Routledge |
| 942 ## - ADDED ENTRY ELEMENTS (KOHA) | |
| Source of classification or shelving scheme | |
| Withdrawn status | Lost status | Source of classification or shelving scheme | Damaged status | Koha normalized classification for sorting | Not for loan | Permanent location | Current location | Date acquired | Source of acquisition | Cost, normal purchase price | Total Checkouts | Full call number | Barcode | Date last seen | Date last borrowed | Cost, replacement price | Price effective from | Koha item type |
|---|---|---|---|---|---|---|---|---|---|---|---|---|---|---|---|---|---|---|
| 724_160000000000000_CHR | BMS College of Architecture, Design and Planning | BMS College of Architecture, Design and Planning | 2022-04-12 | 6 | 3747.75 | 1 | 724.16 CHR | AR-UG2598 | 2025-07-03 | 2025-05-29 | 5353.93 | 2022-04-12 | UG Books |